Statistics for Exclusive Economic Zones of World with a Map

Click here to take the quiz!

General Stats

  • This quiz has been taken 3,078 times
    (3,062 since last reset)
  • The average score is 138 of 154

Answers on the Map

Answers color-coded by a green-red scale on the quiz's map according to % correct below.
 

Answer Stats

Country% Correct
Russia
98%
United Kingdom
98%
United States
98%
Canada
97%
Denmark
97%
France
97%
Iceland
96%
Norway
96%
Australia
95%
China
95%
Ireland
95%
Mexico
95%
Portugal
95%
Spain
95%
Brazil
94%
Chile
94%
Finland
94%
Greece
94%
India
94%
Indonesia
94%
Italy
94%
Japan
94%
Sweden
94%
Turkey
94%
Argentina
93%
Cuba
93%
Egypt
93%
Germany
93%
Libya
93%
Madagascar
93%
Morocco
93%
Netherlands
93%
New Zealand
93%
Oman
93%
Peru
93%
South Korea
93%
Yemen
93%
Algeria
92%
Colombia
92%
Cyprus
92%
Ecuador
92%
Estonia
92%
Iran
92%
Latvia
92%
North Korea
92%
Pakistan
92%
Panama
92%
Philippines
92%
Poland
92%
Saudi Arabia
92%
Somalia
92%
South Africa
92%
Sri Lanka
92%
Tunisia
92%
Ukraine
92%
Vietnam
92%
Bahamas
91%
Bangladesh
91%
Croatia
91%
Dominican Republic
91%
Georgia
91%
Haiti
91%
Israel
91%
Kazakhstan
91%
Lithuania
91%
Malaysia
91%
Malta
91%
Myanmar
91%
Papua New Guinea
91%
Romania
91%
Taiwan
91%
Thailand
91%
United Arab Emirates
91%
Uruguay
91%
Venezuela
91%
Albania
90%
Angola
90%
Azerbaijan
90%
Belize
90%
Bulgaria
90%
Cambodia
90%
Costa Rica
90%
El Salvador
90%
Guatemala
90%
Guyana
90%
Honduras
90%
Jamaica
90%
Kenya
90%
Lebanon
90%
Maldives
90%
Namibia
90%
Nicaragua
90%
Nigeria
90%
Qatar
90%
Seychelles
90%
Sudan
90%
Suriname
90%
Cape Verde
89%
Eritrea
89%
Federated States of Micronesia
89%
Ghana
89%
Guinea
89%
Ivory Coast
89%
Mauritania
89%
Mauritius
89%
Mozambique
89%
Senegal
89%
Syria
89%
Tanzania
89%
Trinidad And Tobago
89%
Turkmenistan
89%
Bahrain
88%
Belgium
88%
Comoros
88%
Democratic Republic Of The Congo
88%
Dominica
88%
Fiji
88%
Gabon
88%
Kiribati
88%
Kuwait
88%
Liberia
88%
Montenegro
88%
Palau
88%
Togo
88%
Barbados
87%
Benin
87%
Brunei
87%
East Timor
87%
Equatorial Guinea
87%
Gambia
87%
Guinea Bissau
87%
Marshall Islands
87%
Nauru
87%
Republic Of The Congo
87%
Saint Kitts And Nevis
87%
Saint Lucia
87%
Sao Tome And Principe
87%
Sierra Leone
87%
Solomon Islands
87%
Saint Vincent and the Grenadines
86%
Samoa
86%
Tonga
86%
Tuvalu
86%
Antigua And Barbuda
85%
Vanuatu
85%
Cameroon
84%
Grenada
84%
Djibouti
82%
Singapore
77%
Bosnia
74%
Iraq
73%
Monaco
64%
Slovenia
62%
Jordan
58%

Score Distribution

Percentile by Number Answered

Percent of People with Each Score

Your Score History

You have not taken this quiz since the last reset